Evanjelium - zážitok novosti

Bibliographic Details
Main Author: Korec, Ján Chryzostom, 1924-2015 (Author)
Format: Book
Language:Slovak
PhysicalDescription:179 s. 20 cm
Published: Bratislava Lúč 1995
ISBN:8071141615
Series:Knižnica viery
Subjects:

MARC

LEADER 00000cam a2200000 a 4500
001 vtls001221215
003 SK-MaSNL
005 20260301234126.0
008 251113s1995 xo r 000 0 slo
015 |a SNBA1996/1203560 
020 |a 8071141615 
035 |a SNK000166345 
035 |a urn:nbn:sk:snk-am3hd54 
035 |a 9C6A362C-0DEB-4A38-84CD-BB9C331A28C5 
035 |a urn:nbn:sk:snk-am00a1gx 
040 |a SNK  |b slo  |c SNK  |e AACR2 
041 0 |a slo 
044 |a xo  |c SK 
080 |a 226  |2 1981 
100 1 |a Korec, Ján Chryzostom,  |d 1924-2015  |4 aut  |9 203576 
245 1 0 |a Evanjelium - zážitok novosti  |c Ján Chryzostom Korec 
260 |a Bratislava  |b Lúč  |c 1995 
300 |a 179 s.  |c 20 cm 
490 1 |a Knižnica viery 
650 0 7 |a evanjeliá  |x úvahy  |2 SNK  |9 629680 
655 7 |a príručky  |2 SNKPH  |9 74364 
830 0 |a Knižnica viery  |9 277914 
919 |a 80-7114-161-5 
999 |c 968992  |d 970922 
952 |t P60, <09>, [BOOK], {629}  |a SNK  |b SNK  |y NEVYP  |7 0  |o snkC 1758  |i snk3379/961003  |0 0  |1 0  |4 0  |d 1996-10-02  |l 0  |r 2005-01-01 00:00:00  |w 2026-02-24 
952 |t P60, <03>, [BOOK], {603}  |a SNK  |b SNK  |y PREZ  |7 0  |p 17A0013075  |o snkSD 68090  |i snkKSP 8154/96  |0 0  |1 0  |4 0  |d 1996-10-02  |l 0  |r 2005-01-01 00:00:00  |w 2026-02-24 
952 |t P60, <04>, [BOOK], {604}  |a SNK  |b SNK  |y VYP  |7 0  |p 17A0013076  |o snkSD 68090 D1  |i snkKSP 8155/96  |0 0  |1 0  |4 0  |d 1996-10-02  |f 1  |l 0  |r 2005-01-01 00:00:00  |w 2026-02-24